The Alcohol Quiz - Statistics

General Stats
  • This quiz has been taken 141 times
  • The average score is 6 of 10
Answer Stats
Drink Ingredient % Correct
Wine Grape
100%
Cider Apple
83%
Vodka Potato
74%
Sake Rice
63%
Rye Rye
58%
Tequila Agave
57%
Rum Sugarcane
56%
Mead Honey
55%
Whiskey Barley
49%
Bourbon Corn
43%
No matching quizzes found
Score Distribution
Percent of People with Each Score
Percentile by Number Answered
Your Score History
You have not taken this quiz